[Event "Coppa del Mondo FIDE 2013"]
[Site "Tromsø"]
[Date "18.08.2013"]
[Round "3.2"]
[White "Grischuk, Alexander"]
[Black "Le, Quang Liem"]
[Result "1-0"]
[WhiteTitle "GM"]
[BlackTitle "GM"]
[WhiteElo "2785"]
[BlackElo "2702"]
[WhiteFideId "4126025"]
[BlackFideId "12401137"]
[EventDate "2013.08.11"]

1. Nf3 Nf6 2. g3 g6 3. c4 c6 4. b3 Bg7 5. Bb2 d5 6. Bg2 O-O 7. O-O Bg4 8. d3
Bxf3 9. Bxf3 e6 10. Qc2 a5 11. e3 Na6 12. a3 Re8 13. Nd2 Nd7 14. d4 Rc8 15. Rac1
Nf6 16. Rfd1 Qe7 17. Bg2 Ra8 18. Nf3 Ne4 19. Ne5 Nd6 20. Qb1 Red8 21. Nd3 Nb8
22. a4 Bf8 23. Bc3 Nd7 24. Be1 Ra7 25. Rc2 Rb8 26. Rdc1 Bg7 27. Ra2 Qd8 28. Qc2
Rba8 29. Qe2 Rb8 30. Rac2 Qe7 31. Rb1 Qd8 32. Rd1 Qe7 33. Kh1 Rc8 34. Rb1 Rca8
35. Nf4 Qd8 36. Bh3 Qe7 37. Kg1 Rb8 38. Qd1 Bf8 39. Bf1 Qd8 40. Rcc1 Rba8 41.
Bh3 Qe7 42. Qf3 Bg7 43. cxd5 exd5 44. b4 axb4 45. Bxb4 Nf6 46. Bc5 Rxa4 47. Bxd6
Qxd6 48. Rxb7 Ne4 49. Nd3 Ng5 50. Qg4 Ne6 51. Qd1 Ng5 52. Bg2 Ne6 53. h4 Nd8 54.
Rb6 R4a6 55. Rxa6 Rxa6 56. Bh3 Bf8 57. Nc5 Ra7 58. Qb3 Qc7 59. Nd7 Qd6 60. Ne5
Bg7 61. Nd3 Bf8 62. Bg2 Qa3 63. Qd1 Bd6 64. h5 Kg7 65. Bf3 Qa6 66. Be2 Qb7 67.
Kg2 Qe7 68. Bf3 Ra2 69. Qb3 Ra3 70. Qb1 Qd7 71. Rh1 Qb7 72. Nf4 Qxb1 73. Rxb1
Kf6 74. Rb6 Ke7 75. Nh3 Bc7 76. Rb2 Kf6 77. Bg4 Bd6 78. Ng1 Kg5 79. Kh3 f5 80.
Be2 Kf6 81. Nf3 Rc3 82. Kg2 Ra3 83. Rc2 Ra7 84. Ne1 Rc7 85. Nd3 Ne6 86. Bf3 g5
87. Ra2 g4 88. Be2 Kg5 89. Ra6 Kxh5 90. Bd1 Nd8 91. Bb3 Nf7 92. Ba4 Nd8 93. Ra8
Nf7 94. Re8 Kg6 95. Nf4+ Bxf4 96. Re6+ Kg7 97. gxf4 c5 98. dxc5 Rxc5 99. Be8 Rc7
100. Kg3 Kf8 101. Bb5 Kg7 102. Bd3 Nh6 103. Rd6 Rc5 104. Kh4 Nf7 105. Rd7 d4
106. exd4 Rc3 107. Bxf5 Kf6 108. Bxg4 Rd3 109. Bh5 Nh6 110. Rd6+ Kg7 111. Kg5
Nf7+ 112. Bxf7 Kxf7 113. f5 Ke7 114. Re6+ Kf7 115. Rd6 Ke7 116. Re6+ Kf7 117.
Re4 Rd2 118. Rf4 Rd1 119. f6 Ra1 120. Kf5 Ra6 121. d5 h5 122. Kg5 Ra5 123. Rf5
Ra1 124. Kxh5 Rg1 125. Kh4 Rg8 126. Kh5 Rg1 127. Kh4 Rg8 128. Rg5 Rh8+ 129. Rh5
Rg8 130. Rg5 Rh8+ 131. Kg4 Kxf6 132. Rh5 Rg8+ 133. Kf4 Rg1 134. Rh6+ Ke7 135.
Kf5 Rd1 136. Ke5 Re1+ 137. Kf5 Rd1 138. d6+ Kd7 139. f4 Rd5+ 140. Ke4 Ra5 141.
f5 Ra1 142. Ke5 Re1+ 143. Kf6 Rf1 144. Rh2 Rd1 145. Re2 Rg1 146. Kf7 Rf1 147. f6
Rg1 148. Kf8 Rf1 149. f7 Rg1 150. Re7+ Kd8 151. d7 Rg2 152. Re8+ Kxd7 153. Re4
Ra2 154. Rg4 1-0

[Event "Coppa del Mondo FIDE 2013"]
[Site "Tromsø"]
[Date "18.08.2013"]
[Round "3.2"]
[White "Moiseenko, Alexander"]
[Black "Gelfand, Boris"]
[Result "1/2-1/2"]
[WhiteTitle "GM"]
[BlackTitle "GM"]
[WhiteElo "2699"]
[BlackElo "2764"]
[WhiteFideId "14102560"]
[BlackFideId "2805677"]
[EventDate "2013.08.11"]

1. d4 Nf6 2. c4 g6 3. Nc3 d5 4. Nf3 Bg7 5. Qb3 dxc4 6. Qxc4 O-O 7. e4 a6 8. e5
b5 9. Qb3 Nfd7 10. e6 fxe6 11. Be3 Nf6 12. a4 b4 13. Qxb4 Nc6 14. Qa3 Qd6 15.
Be2 Nb4 16. Rc1 Bb7 17. h3 Bxf3 18. gxf3 Nbd5 19. a5 Rfb8 20. Bd2 Qxa3 21. bxa3
Nxc3 22. Rxc3 1/2-1/2

[Event "Coppa del Mondo FIDE 2013"]
[Site "Tromsø"]
[Date "18.08.2013"]
[Round "3.2"]
[White "Dominguez Perez, Leinier"]
[Black "Vachier-Lagrave, Maxime"]
[Result "1/2-1/2"]
[WhiteTitle "GM"]
[BlackTitle "GM"]
[WhiteElo "2757"]
[BlackElo "2719"]
[WhiteFideId "3503240"]
[BlackFideId "623539"]
[EventDate "2013.08.11"]

1. e4 c6 2. Nc3 d5 3. Nf3 Nf6 4. e5 Ne4 5. Ne2 Qb6 6. d4 e6 7. Nfg1 f6 8. f3 Ng5
9. exf6 gxf6 10. f4 Nf7 11. Nf3 Bg7 12. Ng3 O-O 13. Nh5 e5 14. Nxg7 Kxg7 15.
fxe5 fxe5 16. Be2 exd4 17. Qxd4+ Qxd4 18. Nxd4 c5 19. Nb5 Na6 20. O-O Bd7 21.
Rf2 Bxb5 22. Bxb5 Nd6 23. Rxf8 Rxf8 24. Bf1 Nb4 25. c3 Nc2 26. Rb1 d4 27. g3 Ne3
28. Bxe3 dxe3 29. Re1 Rf2 30. Re2 Nc4 31. Rxf2 exf2+ 32. Kxf2 Nxb2 33. Ke3 Kf6
34. Be2 Na4 35. Kd2 Nb6 36. Kd3 Ke5 37. Bf3 c4+ 38. Kd2 Nd5 39. Bxd5 Kxd5 40.
Ke3 b5 41. g4 a5 42. a3 Kc5 43. Kd2 Kd5 44. Ke3 Kc5 45. g5 b4 46. cxb4+ axb4 47.
axb4+ Kxb4 48. Kd2 Kc5 49. h4 Kd5 50. h5 Ke6 51. Kc3 Kf5 52. g6 hxg6 53. hxg6
Kxg6 54. Kxc4 1/2-1/2

[Event "Coppa del Mondo FIDE 2013"]
[Site "Tromsø"]
[Date "18.08.2013"]
[Round "3.2"]
[White "Korobov, Anton"]
[Black "Dubov, Daniil"]
[Result "1/2-1/2"]
[WhiteTitle "GM"]
[BlackTitle "GM"]
[WhiteElo "2720"]
[BlackElo "2624"]
[WhiteFideId "14105730"]
[BlackFideId "24126055"]
[EventDate "2013.08.11"]

1. d4 d5 2. c4 c6 3. Nc3 Nf6 4. e3 g6 5. Nf3 Bg7 6. Be2 O-O 7. O-O Nbd7 8. b3
Ne4 9. Bb2 Nxc3 10. Bxc3 Nf6 11. Rc1 Bg4 12. cxd5 Bxf3 13. Bxf3 cxd5 14. Qd3 Qd7
15. Rc2 Rfc8 16. Rfc1 e6 17. Bb4 Bf8 18. Bxf8 Kxf8 19. g3 h5 20. Rc3 Kg8 21. Kg2
Rxc3 22. Qxc3 Ne8 23. Be2 Nd6 24. Qc7 Qxc7 25. Rxc7 1/2-1/2

[Event "Coppa del Mondo FIDE 2013"]
[Site "Tromsø"]
[Date "18.08.2013"]
[Round "3.2"]
[White "Radjabov, Teimour"]
[Black "Svidler, Peter"]
[Result "1/2-1/2"]
[WhiteTitle "GM"]
[BlackTitle "GM"]
[WhiteElo "2733"]
[BlackElo "2746"]
[WhiteFideId "13400924"]
[BlackFideId "4102142"]
[EventDate "2013.08.11"]

1. Nf3 Nf6 2. c4 g6 3. Nc3 d5 4. cxd5 Nxd5 5. g3 c5 6. Bg2 Nc6 7. h4 h6 8. O-O
Bg7 9. Nxd5 Qxd5 10. d3 O-O 11. Be3 Qh5 12. Rc1 b6 13. d4 Rd8 14. Nd2 cxd4 15.
Bf4 d3 16. Re1 Nd4 17. Bxa8 Bg4 18. f3 dxe2 19. Qa4 Rxa8 20. fxg4 Qxg4 21. Kg2
Rd8 22. Bc7 Rd7 23. Rc4 Qf5 24. Qxa7 Nc2 25. Rxe2 Ne3+ 26. Kh2 Nxc4 27. Nxc4 Qc5
28. b3 Rxc7 29. Qxb6 Qxb6 30. Nxb6 e6 31. Nc4 Bd4 32. Rc2 e5 33. b4 e4 34. a4 f5
35. a5 Rb7 36. Rd2 e3 37. Rxd4 e2 38. Rd8+ Kf7 39. Nd6+ Kf6 40. Rf8+ 1/2-1/2

[Event "Coppa del Mondo FIDE 2013"]
[Site "Tromsø"]
[Date "18.08.2013"]
[Round "3.2"]
[White "Kryvoruchko, Yuriy"]
[Black "Ivanchuk, Vassily"]
[Result "1/2-1/2"]
[WhiteTitle "GM"]
[BlackTitle "GM"]
[WhiteElo "2678"]
[BlackElo "2731"]
[WhiteFideId "14109182"]
[BlackFideId "14100010"]
[EventDate "2013.08.11"]

1. e4 e5 2. Nf3 Nf6 3. d4 Nxe4 4. Bd3 d5 5. Nxe5 Nd7 6. Nxd7 Bxd7 7. O-O Bd6 8.
c4 c6 9. cxd5 cxd5 10. Nc3 Nxc3 11. bxc3 O-O 12. Qh5 g6 13. Qxd5 Qc7 14. c4 Bc6
15. Qg5 Bxh2+ 16. Kh1 Bd6 17. Bd2 Qd8 18. Rae1 b6 19. Qh6 Qf6 20. d5 Bd7 21. Bg5
Qd4 22. Rd1 Qg7 23. Qh4 f5 24. Bh6 Qf6 25. Bg5 Qc3 26. Be7 Bxe7 27. Qxe7 Ba4 28.
Qe1 Qa3 29. Rd2 Rae8 30. Qc1 Qd6 31. Re1 Rxe1+ 1/2-1/2

[Event "Coppa del Mondo FIDE 2013"]
[Site "Tromsø"]
[Date "19.08.2013"]
[Round "3.3"]
[White "Caruana, Fabiano"]
[Black "Malakhov, Vladimir"]
[Result "1-0"]
[WhiteTitle "GM"]
[BlackTitle "GM"]
[WhiteElo "2796"]
[BlackElo "2707"]
[WhiteFideId "2020009"]
[BlackFideId "4120787"]
[EventDate "2013.08.11"]

1. e4 e5 2. Nf3 Nc6 3. d4 exd4 4. Nxd4 Bc5 5. Nb3 Bb6 6. Nc3 Nf6 7. Qe2 d6 8.
Be3 Be6 9. O-O-O O-O 10. g3 Re8 11. Bg2 Bg4 12. Bf3 Bxf3 13. Qxf3 Bxe3+ 14. Qxe3
a6 15. Rhe1 b5 16. f3 b4 17. Ne2 a5 18. Nbd4 Nxd4 19. Nxd4 Nd7 20. g4 Ne5 21.
Kb1 a4 22. g5 Nc4 23. Qe2 d5 24. Nf5 Qxg5 25. Rxd5 Ne5 26. Rf1 Qf4 27. Ne3 a3
28. Rd4 c5 29. Rdd1 Nc6 30. Nd5 Qe5 31. c3 bxc3 32. bxc3 Rab8+ 33. Ka1 Nb4 34.
f4 Qh5 35. Rfe1 Qxe2 36. Rxe2 Rxe4 37. Red2 Nxd5 38. Rxd5 Kf8 39. Rxc5 Rxf4 40.
Ra5 Rf2 41. h4 Rh2 42. h5 Rc8 43. Rxa3 Rxh5 44. Ra7 Rf5 45. a4 g5 46. Kb2 g4 47.
a5 g3 48. a6 Rf2+ 49. Kb3 Rf3 50. Rb7 Rcxc3+ 51. Kb2 Ra3 52. a7 Kg7 53. Rdd7 Ra6
54. Rd6 g2 55. Rxa6 g1=Q 56. a8=Q Qd4+ 57. Ka2 Rf2+ 58. Ka3 Qa1+ 59. Kb4 Rf4+
60. Kb5 Qe5+ 61. Kb6 Qd4+ 62. Kc7 Qe5+ 63. Rd6 Rc4+ 64. Kd7 Qf5+ 65. Kd8 Qc5 66.
Rbd7 Qg5+ 67. Re7 Qc5 68. Qg2+ 1-0

[Event "Coppa del Mondo FIDE 2013"]
[Site "Tromsø"]
[Date "19.08.2013"]
[Round "3.3"]
[White "Grischuk, Alexander"]
[Black "Le, Quang Liem"]
[Result "0-1"]
[WhiteTitle "GM"]
[BlackTitle "GM"]
[WhiteElo "2785"]
[BlackElo "2702"]
[WhiteFideId "4126025"]
[BlackFideId "12401137"]
[EventDate "2013.08.11"]

1. Nf3 Nf6 2. g3 g6 3. c4 Bg7 4. Bg2 d5 5. cxd5 Nxd5 6. d4 Nb6 7. Nc3 Nc6 8. e3
O-O 9. O-O Re8 10. a3 Bd7 11. h3 e5 12. d5 Na5 13. Nd2 Qc8 14. Qe2 e4 15. Rd1 f5
16. Rb1 c6 17. dxc6 Nxc6 18. Nb3 Be6 19. Nc5 Bf7 20. Qc2 Ne5 21. b4 Nbc4 22. Nb5
b6 23. Nb3 Nd3 24. Rxd3 exd3 25. Qxd3 Ne5 26. Qd1 Rd8 27. N5d4 Rb8 28. Bb2 Qd7
29. Nd2 Rbc8 30. b5 Bd5 31. Bxd5+ Qxd5 32. Qb3 Qxb3 33. N2xb3 Nc4 34. a4 Nxb2
35. Rxb2 Rc4 36. Ra2 a5 37. bxa6 Ra8 38. Nd2 Rc1+ 39. Kg2 Bxd4 40. exd4 Rxa6 41.
Rb2 Kf8 42. Nf3 Rc4 43. d5 Ke7 44. Rd2 Kd6 45. Ng5 Rc7 46. Rd4 Rca7 47. Rh4 h5
48. Rb4 Kxd5 49. h4 Kc5 50. Rb5+ Kc6 51. Re5 Rd7 52. Nf3 Rxa4 53. Re8 Re4 54.
Rg8 Rd6 55. Ng5 Re7 56. Nh3 Ree6 57. Ng5 Rf6 58. Nh7 Rf7 59. Ng5 Rc7 60. Nh3 Kc5
61. Nf4 Rcc6 62. f3 b5 63. g4 fxg4 64. fxg4 hxg4 65. Kg3 b4 66. Kxg4 b3 67. Rb8
Kc4 68. Kg5 Rb6 0-1

[Event "Coppa del Mondo FIDE 2013"]
[Site "Tromsø"]
[Date "19.08.2013"]
[Round "3.3"]
[White "Karjakin, Sergey"]
[Black "Eljanov, Pavel"]
[Result "1/2-1/2"]
[WhiteTitle "GM"]
[BlackTitle "GM"]
[WhiteElo "2772"]
[BlackElo "2702"]
[WhiteFideId "14109603"]
[BlackFideId "14102951"]
[EventDate "2013.08.11"]

1. e4 c6 2. Nf3 d5 3. Nc3 dxe4 4. Nxe4 Nf6 5. Nxf6+ exf6 6. Bc4 Bd6 7. Qe2+ Qe7
8. Qxe7+ Kxe7 9. O-O Be6 10. Re1 Kd7 11. Be2 Kc7 12. d4 Na6 13. Bxa6 bxa6 14.
Bd2 Rhe8 15. Ba5+ Kd7 16. Nd2 Rab8 17. b3 Bf5 18. c4 Ba3 19. Bc3 a5 20. f3 1/2-1/2

[Event "Coppa del Mondo FIDE 2013"]
[Site "Tromsø"]
[Date "19.08.2013"]
[Round "3.3"]
[White "Kryvoruchko, Yuriy"]
[Black "Ivanchuk, Vassily"]
[Result "0-1"]
[WhiteTitle "GM"]
[BlackTitle "GM"]
[WhiteElo "2678"]
[BlackElo "2731"]
[WhiteFideId "14109182"]
[BlackFideId "14100010"]
[EventDate "2013.08.11"]

1. e4 c5 2. Nf3 d6 3. d4 cxd4 4. Nxd4 Nf6 5. Nc3 Nc6 6. Bg5 e6 7. Qd2 a6 8.
O-O-O Bd7 9. f4 b5 10. Bxf6 gxf6 11. Nxc6 Bxc6 12. Bd3 b4 13. Ne2 Qb6 14. Kb1 h5
15. f5 Bh6 16. Qe1 e5 17. Ng3 h4 18. Nf1 Ke7 19. Bc4 Qc5 20. Bd3 a5 21. Nd2 a4
22. Nc4 Bf4 23. Qf1 b3 24. cxb3 axb3 25. a3 Ra4 26. g3 hxg3 27. hxg3 Rxh1 28.
Qxh1 Rxc4 29. gxf4 Rc2 30. Ka1 Rf2 31. fxe5 Qxe5 32. Rb1 Rd2 33. Qf1 Qd4 34. Qc1
Qxd3 35. Qxc6 Rd1 36. Rc1 Qc2 0-1

[Event "Coppa del Mondo FIDE 2013"]
[Site "Tromsø"]
[Date "19.08.2013"]
[Round "3.4"]
[White "Malakhov, Vladimir"]
[Black "Caruana, Fabiano"]
[Result "0-1"]
[WhiteTitle "GM"]
[BlackTitle "GM"]
[WhiteElo "2707"]
[BlackElo "2796"]
[WhiteFideId "4120787"]
[BlackFideId "2020009"]
[EventDate "2013.08.11"]

1. c4 c5 2. Nf3 Nf6 3. Nc3 d5 4. cxd5 Nxd5 5. g3 Nc6 6. Bg2 Nc7 7. a3 g6 8. O-O
Bg7 9. d3 O-O 10. Be3 Ne6 11. Rc1 Bd7 12. Nd2 Rc8 13. Nc4 Ned4 14. Bxd4 Bxd4 15.
Qd2 Bg7 16. b4 cxb4 17. axb4 Nd4 18. Bxb7 Nb3 19. Qe3 Nxc1 20. Rxc1 Rb8 21. Na5
Bxc3 22. Rxc3 Qb6 23. Qe4 Bf5 24. Qxe7 Rfe8 25. Qc7 Qxb4 26. Bd5 Re7 27. Qc4
Qxa5 0-1

[Event "Coppa del Mondo FIDE 2013"]
[Site "Tromsø"]
[Date "19.08.2013"]
[Round "3.4"]
[White "Areshchenko, Alexander"]
[Black "Kramnik, Vladimir"]
[Result "0-1"]
[WhiteTitle "GM"]
[BlackTitle "GM"]
[WhiteElo "2709"]
[BlackElo "2784"]
[WhiteFideId "14109530"]
[BlackFideId "4101588"]
[EventDate "2013.08.11"]

1. e4 e5 2. Nf3 Nc6 3. g3 Nf6 4. d3 d5 5. exd5 Nxd5 6. Bg2 Bc5 7. O-O O-O 8. Nc3
Nf6 9. h3 h6 10. Re1 Re8 11. Be3 Bf8 12. Nd2 Be6 13. Nde4 Nxe4 14. Nxe4 f5 15.
Nc3 Qd7 16. Kh2 Rad8 17. a3 b6 18. Qd2 Ne7 19. Re2 Bf7 20. Qe1 Bh5 21. f3 Nc6
22. g4 Bf7 23. gxf5 Qxf5 24. Ne4 Nd4 25. Rd2 c5 26. Qf2 Kh8 27. Rg1 Bd5 28. Qg3
Ne6 29. h4 Nf4 30. Bf1 c4 31. dxc4 Bxe4 32. fxe4 Rxd2+ 33. Bxd2 Qxe4 34. Bd3
Nxd3 35. cxd3 Qc6 36. Bc3 Kg8 37. Qg4 Qf6 38. Kh3 Bc5 39. Rg3 Rf8 40. Rg2 Rd8
41. Qe4 Qf1 42. Kh2 Rxd3 43. Qg4 Qf6 44. Re2 Bd4 45. Bd2 Rf3 46. Rg2 e4 0-1

[Event "Coppa del Mondo FIDE 2013"]
[Site "Tromsø"]
[Date "19.08.2013"]
[Round "3.4"]
[White "Le, Quang Liem"]
[Black "Grischuk, Alexander"]
[Result "1/2-1/2"]
[WhiteTitle "GM"]
[BlackTitle "GM"]
[WhiteElo "2702"]
[BlackElo "2785"]
[WhiteFideId "12401137"]
[BlackFideId "4126025"]
[EventDate "2013.08.11"]

1. d4 Nf6 2. Nf3 g6 3. c4 Bg7 4. Nc3 O-O 5. e4 d6 6. Be2 Nbd7 7. O-O e5 8. Re1
c6 9. Bf1 Re8 10. Rb1 a6 11. b4 exd4 12. Nxd4 Ne5 13. h3 b5 14. cxb5 cxb5 15.
Bf4 Bb7 16. Nb3 Rc8 17. Rc1 Ba8 18. Na5 Qb6 19. Qd2 Rcd8 20. Bg5 Rd7 21. Nd5
Nxd5 22. exd5 Rc7 23. Rxc7 Qxc7 24. f4 h6 25. Bh4 g5 26. fxg5 hxg5 27. Bxg5 Qd7
28. Re3 Qf5 29. Rg3 Rc8 30. Bh6 Ng6 31. Bxg7 Kxg7 32. Nc6 Bxc6 33. Qc3+ Qf6 34.
dxc6 Qxc3 35. Rxc3 Ne7 36. a4 bxa4 37. b5 axb5 38. Bxb5 Ra8 39. Ra3 Ra5 40. Bxa4
Kf8 41. c7 Ra7 42. Kf2 Rxc7 43. Rd3 d5 44. Bb3 Rc5 45. g4 Kg7 46. Kg3 Kf6 47. h4
Ke5 48. Re3+ Kd6 49. Rf3 Nc6 50. Bxd5 Kxd5 51. Rxf7 Ne5 52. Rg7 Ke4 53. h5 Rc3+
54. Kg2 Kf4 55. h6 Rc2+ 56. Kh3 Rc3+ 57. Kg2 Rg3+ 58. Kf1 Nxg4 59. h7 Rh3 60.
Rf7+ Kg5 61. Kg2 Rh6 62. Ra7 Nf6 63. Kf3 Nxh7 64. Ra5+ Kg6 65. Ra6+ Nf6 66. Ra5
Rh3+ 67. Kf4 Rh4+ 68. Kf3 Rb4 69. Ke3 Ng4+ 70. Kd3 Kf6 71. Ra8 Ne5+ 72. Ke3 Nd7
73. Ra5 Ke6 74. Ra8 Nc5 75. Re8+ Kd5 76. Kf3 Ne6 77. Ra8 Rb3+ 78. Kg4 Ke4 79.
Ra4+ Nd4 80. Kg5 Rb6 81. Kh5 Ke5 82. Ra5+ Kf4 83. Ra1 Nf3 84. Ra4+ Kf5 85. Ra8
Rf6 86. Ra5+ Ne5 87. Kh4 Rg6 88. Rb5 Rg4+ 89. Kh3 Rc4 90. Kg3 Rc3+ 91. Kf2 Kf4
92. Rb4+ Nc4 93. Ke2 Ke4 94. Kf2 Kf4 95. Ke2 Re3+ 96. Kd1 Re4 97. Kc2 Ke5 98.
Kd3 Rd4+ 99. Kc3 Kd5 100. Rb5+ Ke4 101. Rb4 Kd5 102. Rb5+ 1/2-1/2

[Event "Coppa del Mondo FIDE 2013"]
[Site "Tromsø"]
[Date "19.08.2013"]
[Round "3.4"]
[White "Eljanov, Pavel"]
[Black "Karjakin, Sergey"]
[Result "1/2-1/2"]
[WhiteTitle "GM"]
[BlackTitle "GM"]
[WhiteElo "2702"]
[BlackElo "2772"]
[WhiteFideId "14102951"]
[BlackFideId "14109603"]
[EventDate "2013.08.11"]

1. Nf3 Nf6 2. c4 b6 3. g3 c5 4. Bg2 Bb7 5. Nc3 g6 6. d4 cxd4 7. Qxd4 Bg7 8. O-O
d6 9. b3 Nbd7 10. Bb2 O-O 11. Rfd1 Ne4 12. Qe3 Nxc3 13. Bxc3 Bxc3 14. Qxc3 Qc7
15. a4 Rac8 16. Bh3 Rcd8 17. Nd4 a6 18. Bg2 Bxg2 19. Kxg2 d5 20. Nf3 dxc4 21.
Rac1 b5 22. axb5 axb5 23. bxc4 bxc4 24. Qxc4 1/2-1/2

[Event "Coppa del Mondo FIDE 2013"]
[Site "Tromsø"]
[Date "19.08.2013"]
[Round "3.4"]
[White "Ivanchuk, Vassily"]
[Black "Kryvoruchko, Yuriy"]
[Result "1-0"]
[WhiteTitle "GM"]
[BlackTitle "GM"]
[WhiteElo "2731"]
[BlackElo "2678"]
[WhiteFideId "14100010"]
[BlackFideId "14109182"]
[EventDate "2013.08.11"]

1. d4 Nf6 2. c4 e6 3. Nc3 Bb4 4. Qc2 O-O 5. a3 Bxc3+ 6. Qxc3 b6 7. Bg5 Bb7 8.
Nf3 d6 9. Nd2 Nbd7 10. f3 h6 11. Bh4 c5 12. e4 cxd4 13. Qxd4 Qe7 14. Be2 e5 15.
Qc3 Nc5 16. O-O Ne6 17. Rfe1 g5 18. Bf2 Nf4 19. Nf1 g4 20. Ng3 Qe6 21. Be3 Nxe2+
22. Rxe2 gxf3 23. gxf3 Kh7 24. Rg2 Rg8 25. Kf2 b5 26. Rd1 Rad8 27. b3 Rg6 28.
Qb4 a6 29. Ke1 h5 30. Rf2 Qh3 31. cxb5 h4 32. Nf1 d5 33. Qe7 Rd7 34. Qxe5 axb5
35. Qf5 Qxf5 36. exf5 Rg8 37. Rd4 Rc8 38. Rxh4+ Kg8 39. Bd4 1-0

[Event "Coppa del Mondo FIDE 2013"]
[Site "Tromsø"]
[Date "19.08.2013"]
[Round "3.6"]
[White "Karjakin, Sergey"]
[Black "Eljanov, Pavel"]
[Result "1-0"]
[WhiteTitle "GM"]
[BlackTitle "GM"]
[WhiteElo "2772"]
[BlackElo "2702"]
[WhiteFideId "14109603"]
[BlackFideId "14102951"]
[EventDate "2013.08.11"]

1. e4 c6 2. d4 d5 3. e5 Bf5 4. Nf3 e6 5. Be2 Ne7 6. c3 h6 7. Nbd2 Bh7 8. O-O Nd7
9. b4 a5 10. a4 Ng6 11. Qb3 Nf4 12. Bd1 axb4 13. cxb4 Be7 14. g3 Nh3+ 15. Kg2
Ng5 16. Nxg5 Bxg5 17. a5 O-O 18. Qc3 Nb8 19. Nb3 Be7 20. Be2 Na6 21. Nc5 Bxc5
22. bxc5 Nc7 23. Bd2 Qd7 24. Rfe1 Nb5 25. Qb2 f6 26. Bxb5 cxb5 27. Ra3 fxe5 28.
Rxe5 Rf6 29. f3 Raf8 30. Bb4 Qc6 31. Qe2 Re8 32. Rae3 Bg6 33. Bd2 Qd7 34. Rb3
Ref8 35. Bb4 Qc6 36. Rbe3 Re8 37. h4 Bf5 38. h5 Bh7 39. g4 Kh8 40. Be1 Bg8 41.
Rb3 Ref8 42. Bh4 Rf4 43. Qd2 Bh7 44. Bg3 R4f6 45. Ree3 Qa6 46. Be5 R6f7 47. g5
hxg5 48. h6 Kg8 49. hxg7 Ra8 50. Ra3 b4 51. Qxb4 g4 52. f4 Be4+ 53. Kf2 Rf5 54.
Qb6 Qc4 55. Qxe6+ Rf7 56. Rxe4 1-0

[Event "Coppa del Mondo FIDE 2013"]
[Site "Tromsø"]
[Date "19.08.2013"]
[Round "3.7"]
[White "Eljanov, Pavel"]
[Black "Karjakin, Sergey"]
[Result "1/2-1/2"]
[WhiteTitle "GM"]
[BlackTitle "GM"]
[WhiteElo "2702"]
[BlackElo "2772"]
[WhiteFideId "14102951"]
[BlackFideId "14109603"]
[EventDate "2013.08.11"]

1. Nf3 Nf6 2. c4 b6 3. Nc3 Bb7 4. g3 c5 5. Bg2 g6 6. O-O Bg7 7. d4 cxd4 8. Qxd4
d6 9. b3 Nbd7 10. Bb2 O-O 11. Rfd1 Nd5 12. Qd2 Nxc3 13. Bxc3 Nf6 14. Qe3 Qc7 15.
Rac1 Rac8 16. a4 Rfd8 17. Bh3 Rb8 18. Nd4 a6 19. Ba1 Ne4 20. Bg2 Nc5 21. Bxb7
Qxb7 22. f3 Rbc8 23. Nc2 Bxa1 24. Rxa1 d5 25. cxd5 Rxd5 26. Nb4 Rdd8 27. Rab1 a5
28. Nd3 Nxd3 29. Rxd3 Rxd3 30. Qxd3 Qc7 31. Rd1 Qc5+ 32. Kg2 Qe5 33. Kf2 Kg7 34.
Qe3 Qxe3+ 35. Kxe3 Kf6 36. Rd5 Rc3+ 37. Rd3 Rc2 38. Rd5 Rc3+ 1/2-1/2

[Event "Coppa del Mondo FIDE 2013"]
[Site "Tromsø"]
[Date "20.08.2013"]
[Round "4.1"]
[White "Le, Quang Liem"]
[Black "Svidler, Peter"]
[Result "1/2-1/2"]
[WhiteTitle "GM"]
[BlackTitle "GM"]
[WhiteElo "2702"]
[BlackElo "2746"]
[WhiteFideId "12401137"]
[BlackFideId "4102142"]
[EventDate "2013.08.11"]

1. Nf3 Nf6 2. c4 c5 3. d4 cxd4 4. Nxd4 g6 5. Nc3 d5 6. cxd5 Nxd5 7. Ndb5 Nxc3 8.
Qxd8+ Kxd8 9. Nxc3 Bg7 10. Bd2 Be6 11. g3 Nc6 12. Bg2 Ke8 13. O-O-O Rc8 14. Kb1
f5 15. Nd5 Bd7 16. h4 Kf7 17. h5 e5 18. Bc3 Rhd8 19. f4 Be6 20. hxg6+ hxg6 21.
fxe5 g5 22. e4 Bxd5 23. exd5 Nxe5 24. Rh7 Rxc3 25. bxc3 Kg6 26. Rhh1 Bf8 27.
Rde1 Bd6 28. Kc2 g4 29. Re3 Rc8 30. Bf1 Rc5 31. Rh8 Rxd5 32. Rd8 Kf6 33. Kb3 Bc5
34. Rxd5 Bxe3 35. Rd6+ Ke7 36. Rd5 Kf6 37. Rd6+ Ke7 38. Rd5 Kf6 1/2-1/2

[Event "Coppa del Mondo FIDE 2013"]
[Site "Tromsø"]
[Date "20.08.2013"]
[Round "4.1"]
[White "Andreikin, Dmitry"]
[Black "Karjakin, Sergey"]
[Result "1/2-1/2"]
[WhiteTitle "GM"]
[BlackTitle "GM"]
[WhiteElo "2716"]
[BlackElo "2772"]
[WhiteFideId "4158814"]
[BlackFideId "14109603"]
[EventDate "2013.08.11"]

1. Nf3 Nf6 2. c4 b6 3. Nc3 Bb7 4. d4 e6 5. a3 d5 6. cxd5 Nxd5 7. e3 g6 8. Nxd5
exd5 9. b4 Nd7 10. Qb3 Bd6 11. Be2 Qe7 12. O-O Nf6 13. b5 O-O 14. a4 a6 15. Bb2
axb5 16. axb5 Ne4 17. Bd3 Kg7 18. Rfc1 1/2-1/2

[Event "Coppa del Mondo FIDE 2013"]
[Site "Tromsø"]
[Date "21.08.2013"]
[Round "4.2"]
[White "Kramnik, Vladimir"]
[Black "Ivanchuk, Vassily"]
[Result "1/2-1/2"]
[WhiteTitle "GM"]
[BlackTitle "GM"]
[WhiteElo "2784"]
[BlackElo "2731"]
[WhiteFideId "4101588"]
[BlackFideId "14100010"]
[EventDate "2013.08.11"]

1. Nf3 b6 2. e4 Bb7 3. Nc3 e6 4. d4 Bb4 5. Bd3 Bxc3+ 6. bxc3 d6 7. O-O Nd7 8.
Bg5 Ne7 9. Nd2 h6 10. Qh5 O-O 11. Bh4 Qe8 12. f4 f6 13. Qxe8 Raxe8 14. a4 a5 15.
Bc4 d5 16. Bb5 Bc6 17. Bxc6 Nxc6 18. f5 exf5 19. exd5 Ne7 20. c4 f4 21. Bf2 Nf5
22. Rfe1 Kf7 23. Rab1 g5 24. g3 Ne3 25. gxf4 gxf4 26. Bxe3 fxe3 27. Nf1 Rg8+ 28.
Kh1 Rg4 29. c3 Rf4 30. Nxe3 f5 1/2-1/2

[Event "Coppa del Mondo FIDE 2013"]
[Site "Tromsø"]
[Date "21.08.2013"]
[Round "4.2"]
[White "Svidler, Peter"]
[Black "Le, Quang Liem"]
[Result "1/2-1/2"]
[WhiteTitle "GM"]
[BlackTitle "GM"]
[WhiteElo "2746"]
[BlackElo "2702"]
[WhiteFideId "4102142"]
[BlackFideId "12401137"]
[EventDate "2013.08.11"]

1. d4 d5 2. c4 c6 3. cxd5 cxd5 4. Bf4 Nf6 5. Nc3 Nc6 6. e3 a6 7. Be2 e6 8. Rc1
Be7 9. Bd3 O-O 10. h3 h6 11. Nf3 Bd6 12. O-O Bxf4 13. exf4 Qd6 14. Qd2 b6 15.
Bb1 Bb7 16. Rfe1 Rac8 17. Ne5 Ne7 18. f3 Rc7 19. a3 Rfc8 20. Na4 a5 21. Rxc7
Qxc7 22. b4 Bc6 23. Rc1 Qb8 24. Nb2 axb4 1/2-1/2